Responses for Show #6861 - Monday, June 16, 2014

Contestants

[<< previous game]

Andrew Winner, a learning and development consultant originally from Spokane, Washington

Andrea West, a college composition instructor from Columbia, South Carolina

Katie Frank, a graduate student in communications studies from Poway, California (whose 2-day cash winnings total $38,600)

[next game >>]

Jeopardy! Round responses

FINISH THE TERRIBLE RHYME
THE 1950s
HEADLINES FROM THE ONION
ALAN RICKMAN ROLES
HONG KONG
PHOOEY
    $200 26
State

Katie
    $200 16
Hawaii

Katie
    $200 6
climate change

Katie
    $200 1
Snape

Katie
    $200 11
Beijing

Andrea
    $200 21
Bah

Andrea
    $400 27
Apollo

Andrew
    $400 17
(Andrew: What is Birmingham?)

Montgomery

KatieAndrew
    $400 7
LeBron James

Andrew
    $400 2
Sense and Sensibility

Andrea
    $400 12
Bank

Katie
    $400 22
bunk

Katie
    $600 28
muster

Katie
    $1,000 18
JFK & Jacqueline Kennedy

Katie
    $600 8
Iraq

Andrew
    $600 3
Sweeney Todd

Katie
    $600 13
(Katie: What is the China Sea?)
(Alex: That's it. No. Be more specific.)
(Katie: [shakes head])

the South China Sea

KatieAndrea
    $600 23
crock

Andrea
    $800 29
(Andrew: What is Nostradamus?)
(Andrea: What is Genesis?)

Amos

AndreaAndrew
Triple Stumper
    $800 19
duck and cover

Katie
    $800 9
the EPA

Andrew
    $800 4
Die Hard

Andrew
    $800 14
(Andrew: What is the Queen Elizabeth?)
(Andrea: What is the Queen Elizabeth II?)

the Britannia

AndreaAndrew
Triple Stumper
    $800 24
hogwash

Katie
    $1000 30
Voltaire

Andrew
    $1000 20
boxing

Triple Stumper
    $1000 10
Cormac McCarthy

Katie
    $1000 5
the Sheriff of Nottingham

Katie
    $1000 15
gypsies

Triple Stumper
    $1000 25
tripe

Andrea

Scores at the first commercial break (after clue 15):

Katie Andrea Andrew
$2,800 $400 $1,800

Scores at the end of the Jeopardy! Round:

Katie Andrea Andrew
$7,200 $1,400 $2,000

Double Jeopardy! Round responses

NOOSE MEN
BENS & JERRYS
CAPITALS AT STATEHOOD
BEAUTIFUL QUOTATIONS
DIALECTS
THE SECRET LIFE OF B's
(Alex: Each correct response will contain a silent "B".)
    $400 30
witchcraft

Andrew
    $400 17
Jerry Seinfeld

Andrew
    $400 11
Nebraska

Andrew
    $400 12
"a beautiful friendship"

Katie
    $400 5
Greece

Andrew
    $400 6
a bomb

Andrea
    $1,000 29
Saddam Hussein

Katie
    $800 18
Ben Roethlisberger

Andrew
    $800 25
Tennessee

Andrew
    $800 13
The Pilgrim's Progress

Triple Stumper
    $800 4
Farsi

Andrew
    $800 7
numbness

Andrew
    $1200 27
(Andrew: What is [*] at the stake?)
...
(Alex: Before being [*], but not at the stake. We come back to you, Andrew.)

burnt

Andrew
Triple Stumper
    $1200 19
Jerry Springer

Katie
    $1200 22
(Andrew: What is Oregon?)

Maine

AndreaAndrew
    $1200 14
"Beautiful Dreamer"

Katie
    $1200 1
Gibraltar

Andrea
    $1200 8
dumb

Andrew
    $1600 26
Adolf Eichmann

Triple Stumper
    $1600 20
(Alex: And that would be the governor of California, right here--[*].)

Jerry Brown

Triple Stumper
    $1600 23
Ohio

Andrea
    $1600 15
(Andrea: Who is Lord Byron?)
...
(Alex: Who is the other one--[*]. It's always a tough choice. Katie, back to you.)

Shelley

Andrea
Triple Stumper
    $2,000 2
(Andrea: I have no idea.)

Buenos Aires & Montevideo

Andrea
    $1600 9
a plumber

Andrea
    $2000 28
(Hideki) Tojo

Katie
    $2000 21
Ben Bradlee

Andrea
    $2000 24
Oklahoma

Andrea
    $2000 16
Gustave Flaubert

Triple Stumper
    $2000 3
French

Andrea
    $2000 10
"womb-to-tomb"

Andrea

Scores at the end of the Double Jeopardy! Round:

Katie Andrea Andrew
$13,000 $11,800 $5,600

[wagering suggestions for these scores]

Final Jeopardy! Round responses

WORD ORIGINS
AndrewWhat is conspiracy?
$3,000
AndreaWhat is conspiracy?
$10,000
KatieWhat is conspiracy?
$5,000
conspiracy

Final scores:

Katie Andrea Andrew
$18,000 $21,800 $8,600
2nd place: $2,000 New champion: $21,800 3rd place: $1,000

Game dynamics:

Coryat scores:

Katie Andrea Andrew
$12,400 $13,800 $5,600
19 R
(including 2 DDs),
1 W
15 R,
4 W
(including 1 DD)
15 R,
5 W

Combined Coryat: $31,800

[game clues] [game scores] [suggest correction]

Game tape date: 2014-02-19
The J! Archive is created by fans, for fans. Scraping, republication, monetization, and malicious use prohibited; this site may use cookies and collect identifying information. See terms. The Jeopardy! game show and all elements thereof, including but not limited to copyright and trademark thereto, are the property of Jeopardy Productions, Inc. and are protected under law. This website is not affiliated with, sponsored by, or operated by Jeopardy Productions, Inc. Join the discussion at JBoard.tv.